000 00597nam a2200181Ia 4500
008 090124s9999 xx 000 0 und d
082 _b52
100 _aचौधरी बनवारीलाल
245 _a आंब्याची लागवड
250 _a0
260 _bउदयम प्रकाशन
_c1956
300 _a109
600 _aचौधरी बनवारीलाल
630 _a आंब्याची लागवड
700 _aचौधरी बनवारीलाल
730 _a आंब्याची लागवड
942 _cBOOK
999 _c81518
_d81518